Bioenergética animal: el fuego de la vida

Saved in:
Bibliografiske detaljer
Hovedforfatter: Kleiber, Max (Author)
Format: Bog
Sprog:spansk
Udgivet: Zaragoza Acribia 1972
Fag:
Tags: Tilføj Tag
Ingen Tags, Vær først til at tagge denne postø!

MARC

LEADER 00000nam a2200000 a 4500
001 UCN7310
003 CL-VaPUC
008 011018e19720000SP |||||||||||||||||spa|d
082 0 4 |a 577.13  |b KLE  |2 21 
100 0 |a Kleiber, Max  |e author  |9 463212 
245 1 0 |a Bioenergética animal: el fuego de la vida 
246 1 4 |a The fire of life 
300 |a 428 p 
942 |c BK 
945 |d 20011018 00:00:00  |a cmena 
260 |a Zaragoza  |b Acribia  |c 1972 
650 7 |a BIOENERGETICA ECOLOGICA  |2 CL-VaPUC  |9 463213 
650 0 |a Animales   |x Termoquímica   |9 463214 
650 7 |a COMPOSICION QUIMICA  |2 CL-VaPUC  |9 403020 
650 7 |a METABOLISMO ANIMAL  |2 CL-VaPUC  |9 372835 
583 |a last modification  |c 20011018 00:00:00  |k Rodrigo Vera 
999 |c 297696  |d 297694 
952 |0 0  |1 0  |4 0  |6 577_130000000000000_KLE_1972  |7 0  |8 A  |9 352632  |a BIBCUR  |b BIBCUR  |d 2019-11-21  |i 3623998  |o 577.13 KLE 1972  |p 3623998  |r 2025-04-22  |w 2019-11-21  |y BK  |k FIS